000 00714nam a2200241Ia 4500
003 OSt
005 20220926023713.0
006 a|||||r|||| 00| 0
007 ta
008 220923b |||||||| |||| 00| 0 eng d
037 _cGeneral Book
040 _aRTL
_cRTL
_beng
041 _2eng
_aeng
082 _aX:89P, K0
100 _aNewgarden Albert Ed.
_9314498
245 0 _aMeeting the productivity challenge
_b The nature of
260 _aNY
_bA M A
_c1960
300 _a102p
_ccm.
490 _aAmerican management Association, management report. 40
650 _aWorking Environmental
_9236530
942 _hX:89P, K0
_cGB
_2CC
999 _c642156
_d642156